lexique du theatre - Statistiques

Statistiques générales
  • Ce quiz a été pris 63 fois
  • Le résultat moyen est 11 sur 26
Statistiques - réponses
Hint Réponse % Correct
longue réplique ou le personnage est seul en scène monologue
93%
indications scéniques en italique dans le texte didascalie
89%
tenue vestimentaire des personnages costume
83%
auteur de pièce de theatre dramaturge
80%
parole prononcées par un personnage réplique
78%
longue suite de phrases prononcés par un seul personage tirade
74%
replique à part, prononcés pour lui même que les autrespersonnages n'entendent pas aparté
72%
du grec tragos le bouc + ode le chant tragedie
72%
du grec komodia, procession burlesque en l'hnneur de dyonisos comedie
67%
malentendu quiproquo
61%
espace représenté sur scene : espace... scénique
57%
fait rire comique
39%
objets présents sur scène accessoires
37%
evenemetns succesifs faisant avancé l'action peripeties
35%
resolution denouement
33%
première scène qui apporte les éléments essentiels exposition
33%
evenement imprevu qui modifie tout coup de theatre
17%
devellopement du conflit noeud
17%
personne s'occupant des changements de décor machiniste
11%
enonciation s'adressant a deux destinatiare distinct, dialogue double énonciation
7%
suscite de l'emotion chez le lecteur pathetique
7%
espace fictif que le spectateur imagine: espace... dramatique
4%
effet de reel produit par la representation illusion
4%
purgatons des passions declenchés chez le spectatuer qui eprouve la piece compassion
0%
organisation de la scène scengraphie
0%
destin fatal, triste trafique
0%
Aucun quiz correspondant
Distribution des résultats
% des personnes avec chaque résultat
Percentile par nombre de réponses
Votre historique - résultats
Vous n’avez pas pris ce quiz